[Event "Chennai op 13th"]
[Site "Chennai"]
[Date "2022.06.22"]
[Round "6"]
[White "Harsh, Suresh"]
[Black "Chaithanyaa, KG."]
[Result "1/2-1/2"]
[WhiteElo "2392"]
[BlackElo "2016"]
[PlyCount "93"]
[EventDate "2022.06.19"]
[EventType "swiss"]
[EventRounds "10"]
[EventCountry "IND"]
[SourceTitle "CBM 209 Extra"]
[Source "ChessBase"]
[SourceDate "2022.09.30"]
[SourceVersion "1"]
[SourceVersionDate "2022.09.30"]
[SourceQuality "1"]

1. e4 c5 2. Nc3 Nc6 3. Bb5 Nd4 4. Bc4 e6 5. Nge2 Nf6 6. 0-0 d5 7. exd5 exd5 8. Nxd5 Nxd5 9. Nxd4 Be7 10. Qf3 cxd4 11. Bxd5 0-0 12. c4 Be6 13. Bxb7 Rb8 14. d3 Bd6 15. Be4 Qa5 16. b3 Rxb3 17. axb3 Qxa1 18. Bf4 Qa3 19. Bxd6 Qxd6 20. Ra1 Qb6 21. g4 a5 22. h3 g6 23. Qf6 Qxb3 24. Qxd4 a4 25. Qa7 f5 26. gxf5 gxf5 27. Qe7 Bxc4 28. dxc4 fxe4 29. Ra3 Qd1+ 30. Kg2 Rf3 31. Qe8+ Kg7 32. Qxa4 Qxa4 33. Rxa4 Rc3 34. Ra7+ Kg6 35. Rc7 e3 36. f4 e2 37. Kf2 Rxh3 38. Kxe2 Kf5 39. Rf7+ Ke4 40. f5 Rh2+ 41. Kf1 Kd4 42. f6 Rh5 43. Rf8 Rf5+ 44. Ke2 Ke5 45. f7 Ke6 46. Re8+ Kxf7 47. Re3 1/2-1/2

[Event "Chennai op 10th"]
[Site "Chennai"]
[Date "2018.01.19"]
[Round "2"]
[White "Pruijssers, Roeland"]
[Black "Chaithanyaa, KG."]
[Result "1-0"]
[WhiteElo "2536"]
[BlackElo "2060"]
[PlyCount "63"]
[EventDate "2018.01.18"]
[EventType "swiss"]
[EventRounds "10"]
[EventCountry "IND"]
[SourceTitle "CBM 182 Extra"]
[Source "ChessBase"]
[SourceDate "2018.02.23"]
[SourceVersion "1"]
[SourceVersionDate "2018.02.23"]
[SourceQuality "1"]

1. e4 c5 2. Nf3 d6 3. d4 cxd4 4. Nxd4 Nf6 5. Nc3 a6 6. Be3 e5 7. Nb3 Be7 8. Qd2 0-0 9. 0-0-0 Be6 10. f4 Ng4 11. g3 Nxe3 12. Qxe3 Nd7 13. Kb1 Nf6 14. Be2 Qc7 15. f5 Bxb3 16. cxb3 Rac8 17. g4 d5 18. exd5 Bc5 19. Qd3 Bd4 20. g5 Nd7 21. f6 g6 22. h4 h5 23. gxh6 Nxf6 24. h5 Kh7 25. Rh3 Qd7 26. Rf1 Nxd5 27. Nxd5 Qxd5 28. Bf3 Qe6 29. Be4 Kh8 30. Rhf3 Qe7 31. Rf6 Rcd8 32. Qf3 1-0

[Event "Wch U20 53rd"]
[Site "Pune"]
[Date "2014.10.16"]
[Round "10"]
[White "Chaithanyaa, KG."]
[Black "Fong, Yit San"]
[Result "1-0"]
[WhiteElo "2029"]
[BlackElo "2149"]
[PlyCount "101"]
[EventDate "2014.10.06"]
[EventType "swiss"]
[EventRounds "13"]
[EventCountry "IND"]
[SourceTitle "EXT 2015"]
[Source "ChessBase"]
[SourceDate "2014.11.20"]
[SourceVersion "1"]
[SourceVersionDate "2014.11.20"]
[SourceQuality "1"]

1. e4 c5 2. Nf3 d6 3. d4 cxd4 4. Nxd4 Nf6 5. Nc3 a6 6. a4 e5 7. Nf3 Be7 8. Bc4 0-0 9. Bg5 Be6 10. Nd2 Nbd7 11. 0-0 Rc8 12. Qe2 Qc7 13. Bb3 Rfe8 14. a5 Nc5 15. Bxf6 Nxb3 16. cxb3 Bxf6 17. Ra4 Qc6 18. Nc4 Rcd8 19. Ne3 Bxb3 20. Rb4 Be6 21. Ned5 Bxd5 22. Nxd5 Bg5 23. Rc4 Qb5 24. Nc7 Qxa5 25. Nxe8 Rxe8 26. Rd1 Qb6 27. Qg4 h6 28. Rc8 Rxc8 29. Qxc8+ Kh7 30. Qc2 g6 31. Rd3 Qb4 32. Rc3 Kg7 33. g3 Bd8 34. Rb3 Qa4 35. Qd3 Qd7 36. Qd5 b6 37. Rd3 Be7 38. Qxe5+ dxe5 39. Rxd7 Bc5 40. Kf1 Kf6 41. Ke2 Ke6 42. Rd8 a5 43. b3 f5 44. exf5+ Kxf5 45. f3 h5 46. h4 Bb4 47. Rd1 Bc5 48. Rc1 Bd4 49. Rc6 Bc5 50. Kf1 g5 51. Rh6 1-0

[Event "Wch U20 53rd"]
[Site "Pune"]
[Date "2014.10.11"]
[Round "6"]
[White "Chaithanyaa, KG."]
[Black "Gahan, MG."]
[Result "0-1"]
[WhiteElo "2029"]
[BlackElo "2252"]
[PlyCount "122"]
[EventDate "2014.10.06"]
[EventType "swiss"]
[EventRounds "13"]
[EventCountry "IND"]
[SourceTitle "EXT 2015"]
[Source "ChessBase"]
[SourceDate "2014.11.20"]
[SourceVersion "1"]
[SourceVersionDate "2014.11.20"]
[SourceQuality "1"]

1. e4 c5 2. Nf3 e6 3. d4 cxd4 4. Nxd4 a6 5. Nc3 Qc7 6. Bd3 Nf6 7. 0-0 Bc5 8. Nf3 Nc6 9. Bg5 Ng4 10. Bh4 d6 11. Qd2 f6 12. Bc4 b5 13. Bb3 Bd7 14. a4 b4 15. Ne2 0-0 16. Nf4 Rfe8 17. Nd3 Qb7 18. Rad1 Rad8 19. Nxc5 dxc5 20. Qd6 c4 21. Bxc4 Nce5 22. Nxe5 Nxe5 23. Bxa6 Qa8 24. Bd3 b3 25. Qa3 Bxa4 26. cxb3 Nxd3 27. bxa4 Qxe4 28. Bg3 Qe2 29. b3 f5 30. Bc7 Rd5 31. Ra1 f4 32. Qa2 f3 33. Bg3 Qe4 34. gxf3 Qxf3 35. Qd2 Nc5 36. Qe3 Qxe3 37. fxe3 Nxb3 38. Ra3 Nd2 39. Rf4 e5 40. Rb4 Ra8 41. Kg2 e4 42. Rc3 Rad8 43. Rc7 Rg5 44. Rcb7 h5 45. R7b5 Rg4 46. Rxh5 Nf3 47. Rc5 Rd3 48. Kh3 Rg6 49. Rb8+ Kh7 50. Rh5+ Rh6 51. Rxh6+ Kxh6 52. Kg4 g5 53. a5 Rxe3 54. a6 Ra3 55. Rb6+ Kg7 56. Kf5 e3 57. Rb7+ Kh6 58. Bd6 Nh4+ 59. Kg4 Ra4+ 60. Rb4 e2 61. Rxa4 e1Q 0-1

[Event "Wch U20 53rd"]
[Site "Pune"]
[Date "2014.10.08"]
[Round "3"]
[White "Rakesh, Kumar Jena"]
[Black "Chaithanyaa, KG."]
[Result "0-1"]
[WhiteElo "2164"]
[BlackElo "2029"]
[PlyCount "80"]
[EventDate "2014.10.06"]
[EventType "swiss"]
[EventRounds "13"]
[EventCountry "IND"]
[SourceTitle "EXT 2015"]
[Source "ChessBase"]
[SourceDate "2014.11.20"]
[SourceVersion "1"]
[SourceVersionDate "2014.11.20"]
[SourceQuality "1"]

1. e4 c5 2. Nf3 a6 3. b4 cxb4 4. d4 d5 5. e5 Bf5 6. Nh4 Bd7 7. Bd3 Nc6 8. Be3 g6 9. Nf3 Nh6 10. Qd2 Nf5 11. h4 h6 12. Kf1 Qb6 13. c4 dxc4 14. Bxc4 Na5 15. Bd3 Bb5 16. g4 Nc4 17. Bxc4 Bxc4+ 18. Kg2 Nxe3+ 19. Qxe3 Qe6 20. Nh2 Bd5+ 21. f3 f5 22. gxf5 gxf5 23. Nd2 h5 24. Kf2 Bh6 25. Qd3 Bxa2 26. Nhf1 b3 27. Ne3 b2 28. Rad1 Bxe3+ 29. Qxe3 Rc8 30. Qa3 Rc2 31. Qa4+ Rc6 32. Qb4 Rb6 33. Qc3 Kf7 34. Nb1 Rc8 35. Qd3 Rb3 36. Qd2 Qc6 37. d5 Qc2 38. e6+ Kf8 39. Kg3 Qxd2 40. Nxd2 Rd3 0-1

[Event "IND-ch U19 44th"]
[Site "Mumbai"]
[Date "2014.07.16"]
[Round "9"]
[White "Senthil, Maran K"]
[Black "Chaithanyaa, KG."]
[Result "0-1"]
[WhiteElo "1990"]
[BlackElo "2095"]
[PlyCount "100"]
[EventDate "2014.07.10"]
[EventType "swiss"]
[EventRounds "11"]
[EventCountry "IND"]
[SourceTitle "EXT 2016"]
[Source "ChessBase"]
[SourceDate "2015.10.08"]
[SourceVersion "1"]
[SourceVersionDate "2015.10.08"]
[SourceQuality "1"]

1. d4 Nf6 2. c4 e6 3. g3 d5 4. Bg2 Be7 5. Nf3 0-0 6. 0-0 dxc4 7. Qc2 b5 8. a4 b4 9. Nfd2 Nd5 10. Nxc4 Ba6 11. Rd1 Qc8 12. e4 Nb6 13. Nbd2 Rd8 14. a5 Nxc4 15. Nxc4 c5 16. d5 Nc6 17. Bf4 Nd4 18. Qd3 f5 19. d6 Bxd6 20. Bxd6 Bxc4 21. Qxc4 Rxd6 22. exf5 Rb8 23. fxe6 Qxe6 24. Qxe6+ Rxe6 25. Bd5 Rbe8 26. Re1 Nf3+ 27. Kg2 Nxe1+ 28. Rxe1 Kf7 29. Kf3 g5 30. Rc1 Rc8 31. Re1 Rcc6 32. h4 h6 33. hxg5 hxg5 34. Rc1 Kf6 35. Bxe6 Kxe6 36. Ke4 c4 37. Kd4 Rd6+ 38. Kc5 Rd2 39. Rxc4 b3 40. f4 Rxb2 41. Kb4 Rg2 42. Kxb3 Rxg3+ 43. Kb4 g4 44. Kb5 Rd3 45. Ka6 Rd7 46. Rc5 Rg7 47. Re5+ Kf6 48. Rg5 Rxg5 49. fxg5+ Kg7 50. Kxa7 g3 0-1

[Event "IND-ch U19 44th"]
[Site "Mumbai"]
[Date "2014.07.14"]
[Round "7"]
[White "Mahindrakar, Indrajeet"]
[Black "Chaithanyaa, KG."]
[Result "0-1"]
[WhiteElo "1768"]
[BlackElo "2095"]
[PlyCount "80"]
[EventDate "2014.07.10"]
[EventType "swiss"]
[EventRounds "11"]
[EventCountry "IND"]
[SourceTitle "EXT 2016"]
[Source "ChessBase"]
[SourceDate "2015.10.08"]
[SourceVersion "1"]
[SourceVersionDate "2015.10.08"]
[SourceQuality "1"]

1. e4 c5 2. Nf3 e6 3. d4 cxd4 4. Nxd4 a6 5. Bd3 Nf6 6. 0-0 Qc7 7. Be3 Nc6 8. Nxc6 bxc6 9. f4 d5 10. e5 Nd7 11. Nd2 Be7 12. Kh1 g6 13. Qg4 0-0 14. Rf3 f5 15. Qh3 Kg7 16. g4 c5 17. gxf5 exf5 18. Kg1 c4 19. Be2 Nxe5 20. fxe5 f4 21. e6 fxe3 22. Rxf8 Bxf8 23. Nf3 Bc5 24. Ng5 h6 25. Rf1 hxg5 26. Qf3 Bxe6 27. Qf6+ Kh6 28. Qxe6 Qd6 29. Qh3+ Kg7 30. Qf3 Qe6 31. Kh1 Rf8 32. Qg2 Rf2 33. Rxf2 exf2 34. Qf3 g4 35. Qc3+ d4 36. Qg3 Qe4+ 37. Qg2 Qxe2 38. Qb7+ Kh6 39. Qg2 f1R+ 40. Qg1 Qf3# 0-1

[Event "World ol U16 11th"]
[Site "Istanbul"]
[Date "2012.09.03"]
[Round "7.12"]
[White "Chaithanyaa, KG."]
[Black "Tilessov, Danat"]
[Result "1-0"]
[WhiteElo "2112"]
[BlackElo "1871"]
[PlyCount "165"]
[EventDate "2012.08.29"]
[EventType "team-swiss"]
[EventRounds "10"]
[EventCountry "TUR"]
[SourceTitle "CBM 150 Extra"]
[Source "ChessBase"]
[SourceDate "2012.10.19"]
[SourceVersion "1"]
[SourceVersionDate "2012.10.19"]
[SourceQuality "1"]
[WhiteTeam "India (U16)"]
[BlackTeam "Kazakhstan (U16)"]
[WhiteTeamCountry "IND"]
[BlackTeamCountry "KAZ"]

1. e4 d6 2. d4 g6 3. Nc3 Bg7 4. Be3 a6 5. Qd2 b5 6. a3 Bb7 7. f3 Nd7 8. 0-0-0 c5 9. dxc5 Nxc5 10. Nxb5 Nxe4 11. fxe4 axb5 12. Bxb5+ Kf8 13. Nf3 Bxe4 14. Ng5 Nf6 15. Bc4 Qa5 16. Qxa5 Rxa5 17. Nxf7 d5 18. Nxh8 dxc4 19. Rd8+ Ne8 20. Rf1+ Rf5 21. Rxf5+ gxf5 22. a4 Bxh8 23. a5 Be5 24. a6 Kf7 25. g3 Nc7 26. a7 Bd6 27. Bf4 Ne6 28. a8Q Bxa8 29. Rxa8 Nxf4 30. gxf4 Bxf4+ 31. Kd1 Bxh2 32. Rc8 Be5 33. c3 Bd6 34. Rxc4 e5 35. b4 e4 36. b5 h5 37. Rc6 Bf4 38. b6 h4 39. b7 h3 40. Rh6 h2 41. Rh3 Ke6 42. Ke2 Kd7 43. Rh7+ Kc6 44. Kf2 h1Q 45. Rxh1 Kxb7 46. Rh5 Bd2 47. c4 f4 48. Re5 e3+ 49. Kf3 Kc6 50. Rf5 Kd6 51. Ke2 Kc6 52. Rxf4 Kc5 53. Kd3 Kc6 54. Re4 Kc5 55. Re6 Bc1 56. Kc2 Bd2 57. Kb3 Bc1 58. Kc2 Bd2 59. Kd3 Bc1 60. Re8 Bd2 61. Rc8+ Kd6 62. Rh8 Kc5 63. Rh5+ Kc6 64. Rf5 Bc1 65. Rh5 Bd2 66. Rg5 Bc1 67. Re5 Bd2 68. Rh5 Bc1 69. Rh7 Bd2 70. Rf7 Bc1 71. Kd4 Bd2 72. Re7 Kd6 73. Re4 Bc1 74. c5+ Kc6 75. Kc4 Bd2 76. Re6+ Kc7 77. Kd5 Kd7 78. c6+ Kc7 79. Re7+ Kc8 80. Kc5 Be1 81. Kb6 Kd8 82. Rg7 e2 83. c7+ 1-0

[Event "World ol U16 11th"]
[Site "Istanbul"]
[Date "2012.08.30"]
[Round "3.4"]
[White "Cukrowski, Filip"]
[Black "Chaithanyaa, KG."]
[Result "1-0"]
[WhiteElo "2154"]
[BlackElo "2112"]
[PlyCount "83"]
[EventDate "2012.08.29"]
[EventType "team-swiss"]
[EventRounds "10"]
[EventCountry "TUR"]
[SourceTitle "CBM 150 Extra"]
[Source "ChessBase"]
[SourceDate "2012.10.19"]
[SourceVersion "1"]
[SourceVersionDate "2012.10.19"]
[SourceQuality "1"]
[WhiteTeam "Poland (U16)"]
[BlackTeam "India (U16)"]
[WhiteTeamCountry "POL"]
[BlackTeamCountry "IND"]

1. e4 c5 2. Nf3 e6 3. d4 cxd4 4. Nxd4 a6 5. Bd3 Qc7 6. 0-0 Nf6 7. Qe2 d6 8. c4 g6 9. Nc3 Bg7 10. Be3 0-0 11. Kh1 b6 12. f4 Bb7 13. Rac1 Nbd7 14. b4 Rac8 15. Nb3 Qb8 16. Bd4 Rfd8 17. a4 e5 18. fxe5 dxe5 19. Be3 Qd6 20. b5 Qb4 21. Qc2 Ng4 22. Bg1 Bh6 23. Rb1 Ne3 24. Bxe3 Bxe3 25. bxa6 Ba8 26. Nd5 Bxd5 27. exd5 e4 28. Be2 f5 29. Nd4 Qd6 30. Nc6 Re8 31. a7 Ra8 32. Qc3 Bc5 33. a5 bxa5 34. Qxa5 Ne5 35. Rb8 Nxc6 36. Rxe8+ Kf7 37. dxc6 Kxe8 38. c7 Qc6 39. Rd1 Bb6 40. Rd8+ Kf7 41. Rxa8 Bxa5 42. c8Q 1-0

[Event "World ol U16 11th"]
[Site "Istanbul"]
[Date "2012.08.29"]
[Round "1.11"]
[White "Chaithanyaa, KG."]
[Black "Benzetsel, Ekim"]
[Result "1-0"]
[WhiteElo "2112"]
[BlackElo "1838"]
[PlyCount "63"]
[EventDate "2012.08.29"]
[EventType "team-swiss"]
[EventRounds "10"]
[EventCountry "TUR"]
[SourceTitle "CBM 150 Extra"]
[Source "ChessBase"]
[SourceDate "2012.10.19"]
[SourceVersion "1"]
[SourceVersionDate "2012.10.19"]
[SourceQuality "1"]
[WhiteTeam "India (U16)"]
[BlackTeam "Turkey White U16"]
[WhiteTeamCountry "IND"]
[BlackTeamCountry "TUR"]

1. e4 e5 2. Nf3 Nc6 3. Bc4 Nf6 4. d3 Be7 5. 0-0 0-0 6. h3 d5 7. exd5 Nxd5 8. Re1 Nb6 9. Bb3 a5 10. a4 Bf6 11. Nc3 Nd4 12. Nxd4 exd4 13. Ne4 Bd7 14. Qf3 Re8 15. Qh5 Be6 16. Bg5 Nd7 17. Bxe6 Rxe6 18. Nxf6+ Nxf6 19. Rxe6 fxe6 20. Qh4 h6 21. Bd2 Kf7 22. Re1 Qd6 23. b3 b6 24. Re2 Re8 25. f4 c5 26. g4 Kg8 27. g5 hxg5 28. fxg5 Nd5 29. g6 Nf6 30. Bg5 Qe7 31. Bxf6 gxf6 32. Rxe6 1-0

[Event "Mumbai Mayors Cup 5th"]
[Site "Mumbai"]
[Date "2012.06.10"]
[Round "6"]
[White "Ziatdinov, Raset"]
[Black "Chaithanyaa, KG."]
[Result "1-0"]
[WhiteElo "2370"]
[BlackElo "2124"]
[PlyCount "79"]
[EventDate "2012.06.07"]
[EventType "swiss"]
[EventRounds "11"]
[EventCountry "IND"]
[SourceTitle "CBM 148 Extra"]
[Source "ChessBase"]
[SourceDate "2012.06.22"]
[SourceVersion "1"]
[SourceVersionDate "2012.06.22"]
[SourceQuality "1"]

1. e4 c5 2. Nf3 e6 3. d4 cxd4 4. Nxd4 Nf6 5. Nc3 Nc6 6. Ndb5 Bb4 7. a3 Bxc3+ 8. Nxc3 d5 9. exd5 exd5 10. Bd3 0-0 11. 0-0 d4 12. Ne2 Re8 13. Bg5 h6 14. Bh4 Qd6 15. c3 Kh8 16. Bb5 Qe5 17. Bxc6 bxc6 18. Nxd4 c5 19. Nb5 Be6 20. Bg3 Qg5 21. Nd6 Rad8 22. Re1 Rf8 23. Rxe6 fxe6 24. Nf7+ Rxf7 25. Qxd8+ Kh7 26. Qd3+ Kh8 27. Qe2 Qf5 28. Re1 Rd7 29. h3 Re7 30. Bd6 Re8 31. Qb5 e5 32. a4 Re6 33. Qxc5 Kh7 34. Bc7 Ne4 35. Qe3 Nf6 36. Bxe5 Nd7 37. f4 g5 38. Qd4 Re8 39. Rd1 Nf8 40. Qxa7+ 1-0

[Event "Wch U20 50th"]
[Site "Chennai"]
[Date "2011.08.06"]
[Round "5"]
[White "Shreyans, K Shah"]
[Black "Chaithanyaa, KG."]
[Result "1-0"]
[WhiteElo "2203"]
[BlackElo "2088"]
[PlyCount "57"]
[EventDate "2011.08.02"]
[EventType "swiss"]
[EventRounds "13"]
[EventCountry "IND"]
[SourceTitle "CBM 143 Extra"]
[Source "ChessBase"]
[SourceDate "2011.08.29"]
[SourceVersion "1"]
[SourceVersionDate "2011.08.29"]
[SourceQuality "1"]

1. e4 c5 2. c3 d5 3. exd5 Qxd5 4. d4 Nf6 5. Nf3 e6 6. Be2 cxd4 7. cxd4 Be7 8. 0-0 0-0 9. Nc3 Qd8 10. Bc4 Nbd7 11. Re1 Nb6 12. Bb3 Bd7 13. Ne5 Rc8 14. Re3 Bc6 15. Rg3 Kh8 16. Rh3 Nbd5 17. Qe2 Kg8 18. Bg5 h6 19. Bd2 a6 20. Rd1 b5 21. Qd3 Bb7 22. Ne2 b4 23. Qf3 a5 24. Bxh6 gxh6 25. Nf4 a4 26. Nxe6 fxe6 27. Qg3+ Ng4 28. Qxg4+ Bg5 29. Qxe6+ 1-0

[Event "IND-ch U15"]
[Site "New Delhi"]
[Date "2010.09.12"]
[Round "11"]
[White "Das, Sayantan"]
[Black "Chaithanyaa, KG."]
[Result "1-0"]
[WhiteElo "2299"]
[BlackElo "1953"]
[PlyCount "69"]
[EventDate "2010.09.04"]
[EventType "swiss"]
[EventRounds "11"]
[EventCountry "IND"]
[SourceTitle "CBM 138 Extra"]
[Source "ChessBase"]
[SourceDate "2010.10.29"]
[SourceVersion "1"]
[SourceVersionDate "2010.10.29"]
[SourceQuality "1"]

1. e4 c5 2. Nf3 a6 3. c4 d6 4. d4 cxd4 5. Nxd4 Nf6 6. Nc3 g6 7. Be2 Bg7 8. 0-0 0-0 9. Nc2 Nc6 10. Ne3 Be6 11. Ned5 Bxd5 12. exd5 Ne5 13. f4 Qb6+ 14. Kh1 Ned7 15. Na4 Qc7 16. Be3 Rab8 17. Rc1 Rfc8 18. b4 b6 19. Nc3 Qd8 20. Qb3 Rc7 21. Bd3 Rbc8 22. Ne2 e6 23. dxe6 fxe6 24. c5 dxc5 25. Bxa6 Ra8 26. Bc4 Kh8 27. Bxe6 Qe7 28. f5 gxf5 29. Nf4 Rca7 30. Rce1 Ra3 31. Qb1 Ne4 32. Bc1 R3a4 33. Bxf5 Ndf6 34. Bxe4 Rxb4 35. Bxa8 1-0

[Event "IND-ch U15"]
[Site "New Delhi"]
[Date "2010.09.11"]
[Round "10"]
[White "Chaithanyaa, KG."]
[Black "Viani, Antonio Dcunha"]
[Result "0-1"]
[WhiteElo "1953"]
[BlackElo "2222"]
[PlyCount "76"]
[EventDate "2010.09.04"]
[EventType "swiss"]
[EventRounds "11"]
[EventCountry "IND"]
[SourceTitle "CBM 138 Extra"]
[Source "ChessBase"]
[SourceDate "2010.10.29"]
[SourceVersion "1"]
[SourceVersionDate "2010.10.29"]
[SourceQuality "1"]

1. e4 c5 2. Nf3 e6 3. d4 cxd4 4. Nxd4 a6 5. c4 Nf6 6. Bd3 Qc7 7. Nc3 d6 8. 0-0 Nbd7 9. Be3 Ne5 10. Be2 Be7 11. Rc1 0-0 12. f4 Ned7 13. Bf3 Re8 14. Qd2 Bf8 15. Rfd1 g6 16. Qf2 Bg7 17. Nde2 e5 18. b3 b6 19. fxe5 dxe5 20. Na4 Rb8 21. c5 bxc5 22. Nxc5 Nxc5 23. Bxc5 Rd8 24. Nc3 Be6 25. Rxd8+ Qxd8 26. Rd1 Qe8 27. Bd6 Rc8 28. Na4 Qc6 29. Bxe5 Ng4 30. Bxg4 Bxg4 31. Rd5 Qxd5 32. exd5 Rc1+ 33. Qf1 Rxf1+ 34. Kxf1 Bxe5 35. Nc5 Bxh2 36. Nxa6 Bd6 37. b4 Bf5 38. Ke2 Be4 0-1

[Event "IND-ch U15"]
[Site "New Delhi"]
[Date "2010.09.09"]
[Round "8"]
[White "Akash, G."]
[Black "Chaithanyaa, KG."]
[Result "1/2-1/2"]
[WhiteElo "2213"]
[BlackElo "1953"]
[PlyCount "109"]
[EventDate "2010.09.04"]
[EventType "swiss"]
[EventRounds "11"]
[EventCountry "IND"]
[SourceTitle "CBM 138 Extra"]
[Source "ChessBase"]
[SourceDate "2010.10.29"]
[SourceVersion "1"]
[SourceVersionDate "2010.10.29"]
[SourceQuality "1"]

1. e4 c5 2. Nf3 a6 3. c4 d6 4. d4 cxd4 5. Nxd4 Nf6 6. Nc3 g6 7. Be2 Bg7 8. 0-0 0-0 9. Be3 Nc6 10. Qd2 Nxd4 11. Bxd4 Be6 12. f3 Qa5 13. Rfd1 Rfc8 14. b3 Nd7 15. Bf1 Bxd4+ 16. Qxd4 b5 17. Nd5 Bxd5 18. Qxd5 Qb6+ 19. Kh1 Nf6 20. Qd2 b4 21. a4 a5 22. Bd3 Qd4 23. Bc2 Qxd2 24. Rxd2 Nd7 25. f4 f6 26. g3 Ra7 27. Kg2 Rac7 28. Re1 Rc5 29. Bd1 R8c7 30. Bg4 Nb6 31. Be6+ Kg7 32. e5 dxe5 33. fxe5 Rxe5 34. Rxe5 fxe5 35. Rf2 Rc6 36. Bg4 e6 37. Rd2 Kf6 38. Bf3 Rc7 39. Rd6 Nd7 40. Ra6 Rc5 41. Bg4 Nf8 42. h4 e4 43. Kf2 Ke5 44. Ke3 h5 45. Bh3 Kf6 46. Rb6 Re5 47. Rb7 g5 48. Bg2 gxh4 49. gxh4 Ng6 50. Bxe4 Nxh4 51. Kd4 Nf5+ 52. Bxf5 Rxf5 53. c5 Rf3 54. Rb5 h4 55. c6 1/2-1/2

[Event "IND-ch U15"]
[Site "New Delhi"]
[Date "2010.09.05"]
[Round "3"]
[White "Sahoo, Utkal Ranjan"]
[Black "Chaithanyaa, KG."]
[Result "1-0"]
[WhiteElo "2213"]
[BlackElo "1953"]
[PlyCount "91"]
[EventDate "2010.09.04"]
[EventType "swiss"]
[EventRounds "11"]
[EventCountry "IND"]
[SourceTitle "CBM 138 Extra"]
[Source "ChessBase"]
[SourceDate "2010.10.29"]
[SourceVersion "1"]
[SourceVersionDate "2010.10.29"]
[SourceQuality "1"]

1. e4 c5 2. Nf3 a6 3. d4 cxd4 4. Nxd4 Nf6 5. Nc3 e5 6. Nf3 Bb4 7. Bd2 d6 8. Bc4 0-0 9. Nd5 Bxd2+ 10. Nxd2 Nc6 11. c3 Nxd5 12. Bxd5 Qg5 13. Qf3 Qg6 14. Nf1 Be6 15. Ne3 Bxd5 16. Nxd5 f5 17. Qg3 Qh5 18. exf5 Rxf5 19. Qe3 Raf8 20. 0-0 Qf7 21. Rad1 Nd8 22. b3 Ne6 23. f3 Nc5 24. b4 Nd7 25. Qd3 Kh8 26. Ne3 Rf6 27. Rf2 Re8 28. Qd5 Ree6 29. Qxb7 e4 30. Ng4 e3 31. Re2 Rg6 32. Rxe3 h5 33. Rxe6 Qxe6 34. Nf2 Ne5 35. Qa8+ Kh7 36. Qe4 Qf6 37. f4 Ng4 38. Nxg4 hxg4 39. Rd3 Kg8 40. Re3 Rh6 41. g3 Kh8 42. Qd3 Qf7 43. Qxa6 Qh5 44. Qa8+ Kh7 45. Qe4+ Kh8 46. Qe8+ 1-0